Coparticipación federal de impuestos (Registro nro. 31508)

Detalles MARC
000 -LEADER
fixed length control field 00322 a2200109 4500
001 - CONTROL NUMBER
control field ART_30422
005 - DATE AND TIME OF LATEST TRANSACTION
control field 20260410162004.0
008 - FIXED-LENGTH DATA ELEMENTS--GENERAL INFORMATION
fixed length control field 260409a
100 1# - MAIN ENTRY--PERSONAL NAME
Personal name Salinardi, Mario A.
245 10 - TITLE STATEMENT
Title Coparticipación federal de impuestos
773 0# - HOST ITEM ENTRY
Title Boletín Informativo ASAP
Related parts - Nº 9 (dic. 1982)
Record control number REV30391

No hay ítems disponibles.